000 01308nam0a22002771 4500
001 rc\435403
005 20030616170939.1
035 _a(NLR Aleph) 005681926
090 _a7083929
_c7083929
100 _a20030616d1987 u |0rusy50 ca
101 0 _arus
102 _aRU
105 _aa |||||||||
200 1 _aОсновные направления производства глюкозно-фруктозных сиропов в СССР и за рубежом
210 _aМ.
_cАгроНИИТЭИПП
_d1987
215 _a32 с.
_cсхем.
_d20
225 1 _aПищевая промышленность
_hСерия 19
_iКрахмально-паточная промышленность
_eОбзор. информ.
_fВНИИ информ. и техн.-экон. исслед. агропром. комплекса (ВНИИТЭИАгропром), НИИ информ. и техн.-экон. исслед. пищ. пром-сти
_vВып. 1
300 _aАвт. указан на 2 с. обл.
300 _aВ надзаг. также: Госагропром СССР
320 _aБиблиогр.: с. 31
700 1 _aЛадур
_bТ. А.
_gТамара Алексеевна
801 0 _aRU
_bNLR
_gpsbo
801 1 _aRU
_bELAR
_2rusmarc
852 _aNLR
_jП10/5630
942 _cBOOK
980 _aNB